Loading...
| Literature - European | 0 | 6 | 0 | 0 | 60 | 41 | 84.00 | 3 | 5 | 0.00 | 0.00 |
| Literature - American | 0 | 5 | 0 | 1 | 50 | 50 | 76.00 | 2 | 4 | 0.00 | 0.00 |
| Literature - British | 0 | 5 | 0 | 2 | 50 | 64 | 96.00 | 1 | 3 | 0.00 | 0.00 |
| Social Science | 0 | 5 | 0 | 1 | 50 | 43 | 77.20 | 2 | 4 | 0.00 | 0.00 |
| Fine Arts - Classical Music | 0 | 4 | 0 | 0 | 40 | 49 | 69.00 | 1 | 4 | 0.00 | 0.00 |
| Fine Arts - Other | 0 | 5 | 2 | 1 | 40 | 88 | 118.20 | 0 | 3 | 0.00 | 0.00 |
| Science - Physics | 0 | 4 | 0 | 0 | 40 | 74 | 85.00 | 1 | 2 | 0.00 | 0.00 |
| Religion | 0 | 4 | 1 | 2 | 35 | 73 | 102.50 | 1 | 2 | 0.00 | 0.00 |
| Literature - World/Other | 0 | 4 | 1 | 1 | 35 | 60 | 84.25 | 2 | 4 | 0.00 | 0.00 |
| Fine Arts - Visual | 0 | 4 | 1 | 0 | 35 | 66 | 77.50 | 2 | 4 | 0.00 | 0.00 |
| Science - Other | 0 | 3 | 0 | 1 | 30 | 41 | 71.00 | 2 | 3 | 0.00 | 0.00 |
| Mythology | 0 | 3 | 2 | 0 | 20 | 35 | 63.00 | 2 | 3 | 0.00 | 0.00 |
| Science - Chemistry | 0 | 2 | 0 | 0 | 20 | 87 | 92.00 | 0 | 1 | 0.00 | 0.00 |
| Philosophy | 0 | 3 | 2 | 0 | 20 | 57 | 69.00 | 2 | 3 | 0.00 | 0.00 |
| Geography/Current Events | 0 | 1 | 0 | 0 | 10 | 72 | 72.00 | 0 | 1 | 0.00 | 0.00 |
| Science - Biology | 0 | 2 | 2 | 0 | 10 | 63 | 72.50 | 1 | 2 | 0.00 | 0.00 |